00372nam a2200181Ia 4500003000900000008004100009040001300050040001300063041000800076100001800084245003000102250001100132260001400143260000900157300000800166490001000174490000600184IT-RoPAU120407s9999 xx 000 0 und d aIT-RoPAU cIT-RoPAU aita aStephen Wendt 2aA proposito di una donna. aMilano aMondadori c1975 c cm aOscar v1